PGE Ekstraliga TOP-15 zawodników roku 2024 - Statystyki

Ogólne statystyki
  • Ten quiz został rozwiązany 57 razy
  • Średni wynik to 12 z 15
Statystyki odpowiedzi
Miejsce. Śr.Biegowa Zawodnik % Poprawnych
2. 2.419 Bartosz Zmarzlik
100%
1. 2.462 Artiom Łaguta
92%
14. 2.056 Patryk Dudek
90%
10. 2.095 Dominik Kubera
86%
3. 2.416 Leon Madsen
82%
7. 2.151 Martin Vaculik
82%
4. 2.278 Robert Lambert
82%
15. 2.020 Daniel Bewley
76%
5. 2.194 Janusz Kołodziej
76%
13. 2.060 Wiktor Przyjemski
72%
9. 2.096 Anders Thomsen
70%
8. 2.111 Michael Jepsen Jensen
70%
6. 2.191 Emil Sajfutdinow
66%
12. 2.072 Max Fricke
66%
11. 2.080 Jarosław Hampel
62%
Nie znaleziono quizów pasujących do podanych kryteriów
Rozkład punktacji
Procent ludzi z każdym wynikiem
Percentyl według liczby udzielonych odpowiedzi
Twoja historia wyników
Nie rozwiązałeś tego quizu